| 000 | 00843nam a2200229 a 4500 | ||
|---|---|---|---|
| 001 | 000025056 | ||
| 005 | 20200930023533.0 | ||
| 008 | 110209s2001 bl r 000 0 por d | ||
| 020 | _a8520911722 | ||
| 040 |
_aDO-SdBNP _bspa _cBNPHU |
||
| 082 |
_aB869.98 _bM514c |
||
| 100 | 1 |
_aMeireles, Cecília _d1901-1964 _951408 |
|
| 245 | 1 | 0 |
_aCrônicas de educação 1 : _b(obra em prosa) / _cCecília Meireles ; apresentação e planejamento editorial de Leodegário A. de Azevedo Filho. |
| 260 |
_aRio de Janeiro, (Brasil) : _bNova Fronteira : Fundação Biblioteca Nacional, _c2001. |
||
| 300 |
_a252, [2] p. ; _c21 cm. |
||
| 490 | 1 | _aCecília Meireles | |
| 650 | 4 |
_aCuentos brasileños _924191 |
|
| 650 | 4 |
_aLiteratura brasileña _9823 |
|
| 700 | 1 |
_aAzevedo Filho, Leodegário A. de _951409 |
|
| 830 | 0 |
_aCecília Meireles _951410 |
|
| 049 | _aBNGR | ||
| 999 |
_c24549 _d24549 |
||